000 00636nam a2200241Ia 4500
001 10339
005 20240113235217.0
007 ta
008 170511s991- ii g b000 u 465 u
040 _aCotton College Assam
041 _aeng
082 _a301
_bBo 644 Sa
100 _aBordoloi , Prasanta.
245 0 _aSnatak Samajtatta Parichaya /
_cPrasanta Bordoloi & Ranjita Bordoloi.
_hTextual Documents
250 _a1st ed /
260 _aGuwahati :
_bBanalata ,
_c1991-92.
300 _a370p. ;
_c21cm..
653 _aSociology
942 _2ddc
_cBK
999 _c10326
_d10326